[Event "Reykjavik Open 2024"]
[Site "Reykjavik ISL"]
[Date "2024.03.21"]
[Round "9.154"]
[White "Hasini, Kamabathula"]
[Black "Magnussen, Petur Gardar"]
[Result "1-0"]
[WhiteElo "1612"]
[BlackElo "1727"]
[WhiteFideId "25712837"]
[BlackFideId "7203802"]
[EventDate "2024.03.15"]

1. e4 e5 2. Nf3 Nf6 3. d4 Nxe4 4. Nxe5 d5 5. Bd3 Nf6 6. Bg5 Be7 7. O-O O-O 8.
Nd2 c5 9. dxc5 Qc7 10. Nef3 Qxc5 11. Nb3 Qc7 12. h3 Nc6 13. Re1 h6 14. Bh4 Nh5
15. Bxe7 Nxe7 16. c3 Nf4 17. Bc2 Re8 18. Nbd4 Bd7 19. Ne5 Nc6 20. Ndxc6 bxc6 21.
Nxd7 Qxd7 22. Qf3 Qd6 23. h4 Rab8 24. g3 Ne6 25. b3 a5 26. Qd3 Rb7 27. Qh7+ Kf8
28. Qh8+ Ke7 29. Qxg7 Rbb8 30. Qxh6 Rh8 31. Qg5+ Kd7 32. Qf6 Rbf8 33. Bf5 Rhg8
34. c4 Rxg3+ 35. Kf1 Rgg8 36. cxd5 cxd5 37. Rad1 Qa6+ 38. Bd3 Qc6 39. Bc4 d4 40.
Bxe6+ fxe6 41. Rxd4+ Kc7 42. Qe7+ Kb8 43. Qd6+ Qxd6 44. Rxd6 Rf4 45. Rdxe6 Rxh4
46. Re8+ Rxe8 47. Rxe8+ Kc7 48. Re5 a4 49. bxa4 Rxa4 50. Re2 Kd6 51. Kg2 Ra8 52.
f4 Rf8 53. Kf3 Rf7 54. Kg4 Rg7+ 55. Kf5 Rf7+ 56. Kg5 Rf8 57. f5 Kd7 58. f6 Rg8+
59. Kh6 Rg1 60. f7 Rf1 61. Kg7 Rg1+ 62. Kf8 Rf1 63. a4 Rf5 64. Kg7 1-0

[Event "Reykjavik Open 2024"]
[Site "Reykjavik ISL"]
[Date "2024.03.21"]
[Round "9.160"]
[White "Arnalds, Stefan"]
[Black "Proudfoot, Andy"]
[Result "1-0"]
[WhiteElo "1876"]
[BlackElo "1650"]
[WhiteFideId "2304821"]
[BlackFideId "487910"]
[EventDate "2024.03.15"]

1. Nf3 d6 2. d4 Nf6 3. c4 Nbd7 4. g3 e5 5. d5 Be7 6. Bg2 c6 7. Nc3 Qc7 8. O-O h6
9. e4 g5 10. Qe2 Nf8 11. Ne1 Ng6 12. Rb1 Rg8 13. b4 Bd7 14. Nd3 Qc8 15. c5 Bh3
16. dxc6 Bxg2 17. cxb7 Qxb7 18. Kxg2 Nf4+ 19. gxf4 gxf4+ 20. Kh1 Rc8 21. Bd2 Qd7
22. Nxf4 exf4 23. cxd6 Qxd6 24. e5 Qc6+ 25. f3 Nh5 26. Ne4 Qe6 27. Rg1 Rxg1+ 28.
Rxg1 Qxe5 29. Rg8+ Kd7 30. Qd3+ Kc7 31. Qc4+ Kb6 32. Rxc8 Qa1+ 33. Kg2 Qg7+ 34.
Kh1 Qa1+ 35. Qc1 1-0

[Event "Reykjavik Open 2024"]
[Site "Reykjavik ISL"]
[Date "2024.03.21"]
[Round "9.161"]
[White "Opasiak, Dustin Tennessee"]
[Black "Wollkind, Steven"]
[Result "1-0"]
[WhiteElo "1785"]
[BlackElo "1607"]
[WhiteFideId "24630217"]
[BlackFideId "39917070"]
[EventDate "2024.03.15"]

1. e4 c6 2. d4 d5 3. Nc3 dxe4 4. Nxe4 Nf6 5. Nxf6+ exf6 6. c3 Bd6 7. Bd3 O-O 8.
Qc2 Re8+ 9. Ne2 h5 10. Be3 Nd7 11. O-O-O Nf8 12. Bf5 Be6 13. Bxe6 Rxe6 14. Nf4
Bxf4 15. Bxf4 g5 16. Be3 Qd5 17. Kb1 Qxg2 18. Qe2 Qe4+ 19. Ka1 h4 20. Rhg1 Ng6
21. Qd2 Rd8 22. Qc1 c5 23. dxc5 Rxd1 24. Qxd1 Ra6 25. a3 Kh7 26. Qh5+ Kg7 27.
Bd4 Qf4 28. Qxg5 Qxd4 29. Qxg6+ fxg6 30. cxd4 Ra4 31. Rd1 Kf7 32. Ka2 Ra5 33. b4
Ra6 34. d5 Ke7 35. Kb3 Kd7 36. b5 Ra5 37. Kb4 b6 38. d6 a6 39. c6+ Ke6 40. a4
axb5 41. axb5 Ra2 42. d7 1-0

[Event "Reykjavik Open 2024"]
[Site "Reykjavik ISL"]
[Date "2024.03.21"]
[Round "9.163"]
[White "Jonatansson, Sigurdur Freyr"]
[Black "De Castro, Manuel"]
[Result "1/2-1/2"]
[WhiteElo "1731"]
[BlackElo "1603"]
[WhiteFideId "2303116"]
[BlackFideId "651002493"]
[EventDate "2024.03.15"]

1. e4 c5 2. Nf3 g6 3. d4 cxd4 4. Qxd4 Nf6 5. e5 Nc6 6. Qc3 Nd5 7. Qb3 e6 8. Nbd2
Qa5 9. Bc4 Nb6 10. Bb5 a6 11. Bxc6 bxc6 12. O-O Qb5 13. Qxb5 cxb5 14. Ne4 Bb7
15. Nf6+ Kd8 16. Ng5 Ke7 17. Be3 Nc8 18. Ngxh7 Bg7 19. Bg5 Kd8 20. Rad1 Bc6 21.
Nxd7+ Kc7 22. Nhf6 Ne7 23. Rd2 Nd5 24. Nxd5+ Bxd5 25. Nf6 Bxf6 26. Bxf6 Rhc8 27.
a3 Kb7 28. Be7 Rc4 29. b3 Rc3 30. Bb4 Rc6 31. Rb1 Rac8 32. c4 bxc4 33. bxc4 Rxc4
34. Bd6+ Ka8 35. f3 Rc1+ 36. Rxc1 Rxc1+ 37. Kf2 Rb1 38. Rc2 Kb7 39. Rc7+ Kb6 40.
Rxf7 Rb2+ 41. Kg3 Bc4 42. Rf8 Kc6 43. Rc8+ Kd5 44. Bb4 Kd4 45. f4 Kd3 46. Rc6
Bd5 47. Rxa6 Rxg2+ 48. Kh3 Rf2 49. Kg3 Ra2 50. Kh4 Rxh2+ 51. Kg5 Be4 52. Rxe6
Rh5+ 53. Kf6 Rf5+ 54. Kxg6 Rxe5+ 55. Kf6 Rf5+ 56. Ke7 Rxf4 57. Rd6+ Kc4 58. Rd8
Bh1 59. Rc8+ Kb5 60. Kd6 Rf6+ 61. Ke5 Ra6 62. Kd4 Ra8 63. Rc5+ Ka4 64. Kc4 Bg2
65. Rc7 Bh1 1/2-1/2

[Event "Reykjavik Open 2024"]
[Site "Reykjavik ISL"]
[Date "2024.03.21"]
[Round "9.164"]
[White "Eiriksson, Theodor"]
[Black "Salzmann, Jan"]
[Result "1-0"]
[WhiteElo "1579"]
[BlackElo "1722"]
[WhiteFideId "2322277"]
[BlackFideId "24693634"]
[EventDate "2024.03.15"]

1. d4 d5 2. c4 dxc4 3. e3 Nf6 4. Bxc4 Bf5 5. Nf3 e6 6. Nc3 Nbd7 7. h3 Bd6 8. O-O
h6 9. Re1 Ne4 10. Nxe4 Bxe4 11. a3 Nb6 12. Bb5+ c6 13. Bd3 Bg6 14. Bxg6 fxg6 15.
Qc2 Qf6 16. Bd2 O-O 17. Bc3 Qf7 18. Re2 g5 19. e4 Qh5 20. Qb3 Rac8 21. e5 Bb8
22. a4 Nd5 23. Re4 Nf4 24. Nh2 Ne2+ 25. Kh1 Rxf2 26. Rg4 Qg6 27. Nf3 Nf4 28. Be1
Rf1+ 29. Kh2 Rf8 30. Nd2 Rxe1 31. Rxe1 h5 32. Rg3 h4 33. Rf3 g4 34. hxg4 Qxg4
35. Rf2 g5 36. Ne4 Qf5 37. Qc2 g4 38. Kh1 Kg7 39. Nf6 Qxc2 40. Rxc2 g3 41. Rf1
Nd3 42. Nh5+ Kg8 43. Rxf8+ Kxf8 44. Rc3 Nxb2 45. Rb3 Nxa4 46. Rxb7 Bxe5 47. dxe5
Nb6 48. Rxa7 Nc4 49. Nf4 Nxe5 50. Nxe6+ Kg8 51. Rc7 1-0

[Event "Reykjavik Open 2024"]
[Site "Reykjavik ISL"]
[Date "2024.03.21"]
[Round "9.165"]
[White "Rajendran, Milan"]
[Black "Olsen, Rogvi Heinason"]
[Result "0-1"]
[WhiteElo "1551"]
[BlackElo "1710"]
[WhiteFideId "39916448"]
[BlackFideId "7204213"]
[EventDate "2024.03.15"]

1. d4 Nf6 2. Bf4 g6 3. Nf3 Bg7 4. e3 d6 5. Nbd2 O-O 6. c3 Nbd7 7. Be2 Re8 8. Nc4
c6 9. O-O b5 10. Ncd2 e5 11. dxe5 dxe5 12. Bg3 Qb6 13. Qc2 Bb7 14. c4 Rad8 15.
Rfd1 a6 16. Rac1 c5 17. Nb3 b4 18. h3 a5 19. Nfd2 a4 20. Na1 Ra8 21. b3 axb3 22.
Naxb3 Ra7 23. Ra1 Rea8 24. Nf1 Bc6 25. Rd2 Ne4 26. Rdd1 Nc3 27. Rd2 e4 28. Bg4
Ne5 29. Bxe5 Bxe5 30. Kh1 f5 31. Be2 Ba4 32. Bd1 Be8 33. f4 Bg7 34. Ng3 Bf7 0-1

[Event "Reykjavik Open 2024"]
[Site "Reykjavik ISL"]
[Date "2024.03.21"]
[Round "9.167"]
[White "Einarsson, Eirikur Gardar"]
[Black "Leosson, Haukur Vidis"]
[Result "0-1"]
[WhiteElo "1690"]
[BlackElo "1535"]
[WhiteFideId "2307715"]
[BlackFideId "2325780"]
[EventDate "2024.03.15"]

1. e4 e6 2. d4 d5 3. Nc3 Bb4 4. e5 c5 5. a3 Bxc3+ 6. bxc3 Nc6 7. Qg4 g6 8. Ne2
Nge7 9. Bg5 h5 10. Qf4 Qc7 11. Bf6 Rg8 12. dxc5 Qa5 13. Bxe7 Kxe7 14. Qe3 Bd7
15. Rc1 d4 16. Qd3 Qxc5 17. cxd4 Nxd4 18. c3 0-1

[Event "Reykjavik Open 2024"]
[Site "Reykjavik ISL"]
[Date "2024.03.21"]
[Round "9.168"]
[White "Jonsson, Tristan Fannar"]
[Black "Gronn, Embla Ekeland"]
[Result "0-1"]
[WhiteElo "1540"]
[BlackElo "1684"]
[WhiteFideId "2321947"]
[BlackFideId "1517600"]
[EventDate "2024.03.15"]

1. e4 c6 2. Nf3 d5 3. Nc3 Bg4 4. h3 Bxf3 5. Qxf3 e6 6. d3 Bb4 7. Bd2 Ne7 8. a3
Ba5 9. b4 Bb6 10. Ne2 d4 11. c4 O-O 12. g4 a5 13. h4 axb4 14. Bxb4 c5 15. Bd2
Ba5 16. Qf4 Ng6 17. Bxa5 Qxa5+ 18. Qd2 Ne5 19. Ng1 Nxg4 20. Qxa5 Rxa5 21. Be2
Nf6 22. Rb1 Rxa3 23. Rxb7 Ra1+ 24. Kd2 Nc6 25. Rc7 Rfa8 26. Bd1 Nb4 27. Bb3 h6
28. Ke2 R8a3 29. e5 Ng4 30. Bd1 Rxd3 31. Rc8+ Kh7 32. Nf3 Ra2+ 33. Ke1 Rxd1+ 34.
Kxd1 Nxf2+ 35. Ke1 Nbd3+ 36. Kf1 Nxh1 37. Kg1 Ng3 38. Rb8 Nf4 39. Rb1 Nh3# 0-1

[Event "Reykjavik Open 2024"]
[Site "Reykjavik ISL"]
[Date "2024.03.21"]
[Round "9.169"]
[White "Asgeirsson, Adalsteinn Egill"]
[Black "Solsker, Jonas"]
[Result "0-1"]
[WhiteElo "1434"]
[BlackElo "1681"]
[WhiteFideId "2323940"]
[BlackFideId "7204124"]
[EventDate "2024.03.15"]

1. e4 c6 2. Nc3 d5 3. exd5 cxd5 4. d4 Nf6 5. Nf3 Bg4 6. Bg5 e6 7. Bb5+ Nc6 8.
O-O Bd6 9. h3 Bh5 10. Re1 O-O 11. Qd3 Bxf3 12. Qxf3 Nxd4 13. Qd3 Nxb5 14. Qxb5
b6 15. Qc6 Rc8 16. Qb7 Rc7 17. Qa6 h6 18. Bxf6 Qxf6 19. Nb5 Rxc2 20. Rf1 Bc5 21.
Nxa7 Rxf2 22. Kh1 Qxb2 23. Rab1 Qxa2 24. Qxa2 Rxa2 25. Nb5 Rfa8 26. Nc3 Rc2 27.
Nd1 Raa2 28. h4 Rxg2 0-1

[Event "Reykjavik Open 2024"]
[Site "Reykjavik ISL"]
[Date "2024.03.21"]
[Round "9.181"]
[White "Bokobza, Pierre"]
[Black "B. Berglindardottir, Emilia Embla"]
[Result "0-1"]
[WhiteElo "1431"]
[BlackElo "1519"]
[WhiteFideId "653030575"]
[BlackFideId "2318946"]
[EventDate "2024.03.15"]

1. e4 d6 2. d4 Nf6 3. Nc3 g6 4. Bg5 Bg7 5. e5 dxe5 6. dxe5 Qxd1+ 7. Rxd1 Ng4 8.
h3 Nxe5 9. Nd5 O-O 10. Nxc7 Nbc6 11. Nxa8 Nb4 12. Bd3 Nexd3+ 13. cxd3 Bf5 14.
Ke2 Rxa8 15. Nf3 h6 16. Be3 Rc8 17. Rd2 Nxa2 18. Rhd1 Nc1+ 19. Ke1 b6 20. d4 Nb3
21. Re2 Bc2 22. g4 Bxd1 23. Kxd1 Rd8 24. Rc2 Nxd4 25. Nxd4 Bxd4 26. Bxd4 Rxd4+
27. Ke1 Rd7 28. Ke2 h5 29. Kf3 hxg4+ 30. Kxg4 f5+ 31. Kg5 Kf7 32. f4 Rd3 33. Kh4
Rf3 34. Rc7 Rxf4+ 35. Kg3 Ra4 36. b3 Ra3 37. Kh4 Rxb3 38. Rxa7 Kf6 39. Ra3 g5+
40. Kh5 Rxa3 41. Kh6 Rxh3# 0-1